000
00303nam a2200109Ia 4500
008
200302s9999 xx 000 0 und d
100
_a
D. A. C. A. Boyne & Others
245
_a
Architects Working Details Foreign Examples Vol 6
260
_b
The Architectural Press Ltd.
260
_c
1977
300
_a
160 P.,
999
_c
176
_d
176